<?xml version="1.0" encoding="UTF-8"?><?xml-stylesheet type="text/xsl" href="static/style.xsl"?><OAI-PMH xmlns="http://www.openarchives.org/OAI/2.0/" xmlns:xsi="http://www.w3.org/2001/XMLSchema-instance" xsi:schemaLocation="http://www.openarchives.org/OAI/2.0/ http://www.openarchives.org/OAI/2.0/OAI-PMH.xsd"><responseDate>2026-04-17T15:50:15Z</responseDate><request verb="GetRecord" identifier="oai:www.recercat.cat:10459.1/47972" metadataPrefix="marc">https://recercat.cat/oai/request</request><GetRecord><record><header><identifier>oai:recercat.cat:10459.1/47972</identifier><datestamp>2024-12-05T21:45:44Z</datestamp><setSpec>com_2072_3622</setSpec><setSpec>col_2072_479130</setSpec></header><metadata><record xmlns="http://www.loc.gov/MARC21/slim" xmlns:dcterms="http://purl.org/dc/terms/" xmlns:xsi="http://www.w3.org/2001/XMLSchema-instance" xmlns:doc="http://www.lyncode.com/xoai" xsi:schemaLocation="http://www.loc.gov/MARC21/slim http://www.loc.gov/standards/marcxml/schema/MARC21slim.xsd">
   <leader>00925njm 22002777a 4500</leader>
   <datafield ind2=" " ind1=" " tag="042">
      <subfield code="a">dc</subfield>
   </datafield>
   <datafield ind2=" " ind1=" " tag="720">
      <subfield code="a">París Mañas, Georgina</subfield>
      <subfield code="e">author</subfield>
   </datafield>
   <datafield ind2=" " ind1=" " tag="720">
      <subfield code="a">Tejada Fernández, José</subfield>
      <subfield code="e">author</subfield>
   </datafield>
   <datafield ind2=" " ind1=" " tag="720">
      <subfield code="a">Coiduras Rodríguez, Jordi L.</subfield>
      <subfield code="e">author</subfield>
   </datafield>
   <datafield ind2=" " ind1=" " tag="260">
      <subfield code="c">2015-02-17T09:21:56Z</subfield>
   </datafield>
   <datafield ind2=" " ind1=" " tag="260">
      <subfield code="c">2015-02-17T09:21:56Z</subfield>
   </datafield>
   <datafield ind2=" " ind1=" " tag="260">
      <subfield code="c">2014-01-01</subfield>
   </datafield>
   <datafield ind2=" " ind1=" " tag="260">
      <subfield code="c">2015-02-17T09:21:57Z</subfield>
   </datafield>
   <datafield ind2=" " ind1=" " tag="520">
      <subfield code="a">En este artículo los autores realizan una aproximación teórica a la profesión, profesionalización y profesionalidad de los profesionales de la Formación para el Empleo. A partir de la revisión de las diversas realidades europeas en relación a los requisitos de acceso y formación exigida, competencias, identidad, desarrollo y desempeño profesional se alcanza un conjunto de conclusiones y propuestas a modo de prospectiva. La Formación Profesional para el Empleo, concebida hoy como una semiprofesión en nuestro continente, precisa de una formación reglada y reconocida en el Marco Europeo de Educación Superior. Para ello se propone una formación basada en el aprendizaje adulto, la andragogía y la interacción de la teoría con la práctica profesional como estrategias para la mejora de la acción profesional de los formadores europeos implicados en la Formación Profesional para el Empleo. Reclamar una formación específica para estos profesionales da respuesta a la necesidad expresada en distintos foros especializados sobre la anhelada identidad profesional. Defendemos la concepción de esta profesión como una actividad que brinda un servicio formativo con diversos beneficios, entre ellos: la adhesión a unos conocimientos y normas colectivas constitutivas de la identidad profesional; el sentido de pertenencia a un grupo; una tarea profesional de calidad; niveles de cualificación, certificación y acreditación para reclutar a profesionales competentes; y la prevención del intrusismo laboral.</subfield>
   </datafield>
   <datafield ind2=" " ind1=" " tag="520">
      <subfield code="a">In this article, the authors present a theoretica&#xd;
l approach to the profession, professionalization&#xd;
and professionalism of those employed in Continuing Vocational Education and Training. Following&#xd;
a review of the different real&#xd;
ities found in Europe, and after relating these to existing&#xd;
requirements for access to employment and trai&#xd;
ning, competences, iden&#xd;
tity, development and&#xd;
professional development, we have reached a se&#xd;
t of conclusions and formulated a number of&#xd;
related proposals.&#xd;
In today’s Europe, Continuing Voca&#xd;
tional Education and Training is essentially seen as a form of&#xd;
semi-professional training, which re&#xd;
quires officially recognised inst&#xd;
ruction within the scope of the&#xd;
European Higher Education Framework. To achieve&#xd;
this, we propose a form of training based on&#xd;
adult education, andragogy and a combination of&#xd;
theory and professional practice. Calling for&#xd;
these professionals to receive specialised traini&#xd;
ng is a response to the need, which has been&#xd;
expressed in various specialised forums, to establ&#xd;
ish a specific professional identity. We support&#xd;
the conception of this profession as an activity&#xd;
that offers a training se&#xd;
rvice with a number of&#xd;
clear professional benefits. Amongst others, thes&#xd;
e include: adherence to a set of knowledge and&#xd;
collective rules that constitute a professional identity; the sense of belonging to a group; a quality&#xd;
professional task; levels of qualification, offi&#xd;
cial certification and accreditation to recruit&#xd;
professional competences; and preven&#xd;
t intrusion in the labour market.</subfield>
   </datafield>
   <datafield ind1="8" ind2=" " tag="024">
      <subfield code="a">http://hdl.handle.net/10459.1/47972</subfield>
   </datafield>
   <datafield tag="653" ind2=" " ind1=" ">
      <subfield code="a">Formación para el empleo</subfield>
   </datafield>
   <datafield tag="653" ind2=" " ind1=" ">
      <subfield code="a">Profesionales de la Formación</subfield>
   </datafield>
   <datafield tag="653" ind2=" " ind1=" ">
      <subfield code="a">Formación Profesional para el Empleo</subfield>
   </datafield>
   <datafield tag="653" ind2=" " ind1=" ">
      <subfield code="a">Formación andragógica</subfield>
   </datafield>
   <datafield tag="653" ind2=" " ind1=" ">
      <subfield code="a">Orientació professional</subfield>
   </datafield>
   <datafield ind2="0" ind1="0" tag="245">
      <subfield code="a">La profesionalización de los profesionales de la Formación para el Empleo en constante [in]definición en Europa</subfield>
   </datafield>
</record></metadata></record></GetRecord></OAI-PMH>